000 00501nam a22001817a 4500
008 170321b xxu||||| |||| 00| p tur d
020 _a9789750811999
041 _atur
050 _aPL248.T3732
100 _9445
_aBetül Tarıman
245 _aKar Merdiveni
250 _a1. Baskı
260 _aİstanbul
_bYapı Kredi Yayınları
_cMart 2007
300 _a99 sayfa
500 _aYapı Kredi Yayınları 2455; Şiir 217 4 adet mevcuttur.
650 0 _9145
_aTürk Edebiyatı
942 _2lcc
_cBK
999 _c1143
_d1121